| 000 | 01151cam a22003257a 4500 | ||
|---|---|---|---|
| 001 | 15673795 | ||
| 005 | 20200421093826.0 | ||
| 008 | 090325s2007 cc a b 001 0 eng | ||
| 010 | _a 2009277545 | ||
| 015 |
_aGBA6A6085 _2bnb |
||
| 016 | 7 |
_a013629426 _2Uk |
|
| 020 | _a9780596009588 (pbk.) | ||
| 020 | _a0596009585 (pbk.) | ||
| 035 | _a(OCoLC)ocm77257007 | ||
| 040 |
_aUKM _cUKM _dBAKER _dBTCTA _dYDXCP _dOCLCQ _dIXA _dAU@ _dDLC |
||
| 042 | _alccopycat | ||
| 050 | 0 | 0 |
_aQA76.76.O63 _bL674 2007 |
| 082 | 0 | 4 |
_a005.4469 _222 |
| 100 | 1 |
_aLove, Robert _q(Robert M.) _91653 |
|
| 245 | 1 | 0 |
_aLinux system programming / _cRobert Love. |
| 250 | _a1st ed. | ||
| 260 |
_aBeijing ; _aCambridge : _bO'Reilly, _cc2007. |
||
| 300 |
_axvii, 368 p. : _bill. ; _c24 cm. |
||
| 504 | _aIncludes bibliographical references (p. 351-354) and index. | ||
| 630 | 0 | 0 |
_aLinux. _9204 |
| 650 | 0 |
_aOperating systems (Computers) _9248 |
|
| 906 |
_a7 _bcbc _ccopycat _d2 _encip _f20 _gy-gencatlg |
||
| 942 |
_2ddc _cBK |
||
| 999 |
_c330 _d330 |
||